La empresa consciente : (Registro nro. 4810)
[ vista simple ]
| 000 -LEADER | |
|---|---|
| fixed length control field | 01379nam a2200289Ia 4500 |
| 003 - CONTROL NUMBER IDENTIFIER | |
| control field | OSt |
| 005 - DATE AND TIME OF LATEST TRANSACTION | |
| control field | 20210112152225.0 |
| 008 - FIXED-LENGTH DATA ELEMENTS--GENERAL INFORMATION | |
| fixed length control field | 191128s2011 ck gr 000 0 spa d |
| 020 ## - INTERNATIONAL STANDARD BOOK NUMBER | |
| International Standard Book Number | 9786071109811 |
| 040 0# - CATALOGING SOURCE | |
| Original cataloging agency | CO-JMCR |
| Transcribing agency | CO-JMCR |
| 041 0# - LANGUAGE CODE | |
| Language code of text/sound track or separate title | spa |
| 082 04 - DEWEY DECIMAL CLASSIFICATION NUMBER | |
| Classification number | 658.408 / |
| Item number | K625e |
| Edition number | 23 |
| 100 1# - MAIN ENTRY--PERSONAL NAME | |
| Personal name | Kofman, Fredy, |
| Relator term | autor |
| 9 (RLIN) | 12840 |
| 245 13 - TITLE STATEMENT | |
| Title | La empresa consciente : |
| Remainder of title | cómo construir valor a través de valores / |
| Statement of responsibility, etc. | Fredy Kofman |
| 250 ## - EDITION STATEMENT | |
| Edition statement | Primera edición |
| 260 ## - PUBLICATION, DISTRIBUTION, ETC. | |
| Place of publication, distribution, etc. | México : |
| Name of publisher, distributor, etc. | Punto de Lectura, |
| Date of publication, distribution, etc. | 2011 |
| 300 ## - PHYSICAL DESCRIPTION | |
| Extent | 479 páginas ; |
| Dimensions | 19 cm. |
| 300 ## - PHYSICAL DESCRIPTION | |
| Dimensions | |
| 490 0# - SERIES STATEMENT | |
| Series statement | Negocios ; |
| Volume/sequential designation | 472 |
| 500 ## - GENERAL NOTE | |
| General note | Incluye notas a pie de páginas. |
| 504 ## - BIBLIOGRAPHY, ETC. NOTE | |
| Bibliography, etc. note | Bibliografía: páginas 473-479 |
| 505 0# - FORMATTED CONTENTS NOTE | |
| Formatted contents note | La empresa consciente -- Responsabilidad incondicional -- Integridad escencial -- Humildad ontológica -- Comunicación auténtica -- La negociación constructiva -- Coordinación impecable -- Competencia emocional -- Entrar al mercado con vocación de servicio |
| 520 0# - SUMMARY, ETC. | |
| Summary, etc. | Saber acerca de managment no es lo mismo que saber cómo ponerlo en práctica. A partir de la experiencia de ejecutivos de Microsoft, Google, Yahoo, General Motors, Citibank y otras compañias con liderazgo global, el autor de este libro se enfoca en demostr |
| 650 24 - SUBJECT ADDED ENTRY--TOPICAL TERM | |
| Topical term or geographic name entry element | Ética de los negocios |
| 9 (RLIN) | 1608 |
| 650 24 - SUBJECT ADDED ENTRY--TOPICAL TERM | |
| Topical term or geographic name entry element | Responsabilidad social de los negocios |
| 9 (RLIN) | 12766 |
| 942 ## - ADDED ENTRY ELEMENTS (KOHA) | |
| Source of classification or shelving scheme | Dewey Decimal Classification |
| Koha item type | Books |
| Withdrawn status | Lost status | Source of classification or shelving scheme | Materials specified (bound volume or other part) | Damaged status | Not for loan | Home library | Current library | Shelving location | Date acquired | Source of acquisition | Full call number | Barcode | Date last seen | Copy number | Price effective from | Koha item type | Total Checkouts | Date last checked out |
|---|---|---|---|---|---|---|---|---|---|---|---|---|---|---|---|---|---|---|
| Dewey Decimal Classification | Donación--28/04/2016-- | Biblioteca Pública José María del Castillo y Rada | Biblioteca Pública José María del Castillo y Rada | General Stacks | 11/28/2019 | Donación | 658.408 / K625e | 430000549 | 05/16/2024 | EJ.2 | 11/28/2019 | Books | ||||||
| Dewey Decimal Classification | Donación--28/04/2016-- | Biblioteca Pública José María del Castillo y Rada | Biblioteca Pública José María del Castillo y Rada | General Stacks | 11/28/2019 | Donación | 658.408 / K625e | 430000550 | 10/28/2024 | EJ.1 | 11/28/2019 | Books | 1 | 10/25/2024 |